000 00307nam a2200133Ia 4500
005 20260328104300.0
008 260328s9999||||xx |||||||||||||| ||und||
100 _aTufnell, Ben
245 0 _aLand Art /
_cBen Tufnell
260 _bTate Publishing
300 _a144 p.
650 _aECOLOGÍA
942 _cBK
999 _c10587
_d10587